[Event "Open Loire 2008-2009"]
[Site "Loire"]
[Date "2008.12.20"]
[Round "4.5"]
[White "Desassis, Maxence"]
[Black "Volay, Pascal"]
[Result "1-0"]
[WhiteElo "1560"]
[BlackElo "1410"]
[PlyCount "119"]
[EventDate "2008.??.??"]

1. d4 d5 2. Nf3 Nf6 3. e3 Nc6 4. a3 e6 5. Bd3 Bd6 6. Nbd2 e5 7. dxe5 Nxe5 8.
Nxe5 Bxe5 9. Nf3 Bd6 10. b3 O-O 11. Bb2 Re8 12. O-O Bg4 13. Be2 Bxf3 14. Bxf3
Be5 15. Bxe5 Rxe5 16. Qd4 Qd6 17. Rfd1 c6 18. c4 b6 19. e4 Rd8 20. exd5 cxd5
21. cxd5 Nxd5 22. Qa4 a5 23. Rac1 Qe6 24. Qc6 Qxc6 25. Rxc6 Rde8 26. Kf1 Nf4
27. Rxb6 Nd3 28. g3 Nc5 29. Rb5 g6 30. a4 Na6 31. Rxe5 Rxe5 32. Rd5 Rxd5 33.
Bxd5 Kf8 34. Bc4 Nc5 35. Ke2 Ke7 36. Ke3 f6 37. Kd4 Kd6 38. f3 h6 39. h3 h5 40.
f4 g5 41. fxg5 fxg5 42. h4 gxh4 43. gxh4 Ne6+ 44. Ke4 Ng7 45. Kf4 Ke7 46. Kg5
Ke8 47. Kg6 Kf8 48. Bf7 Ne8 49. Bxe8 Kxe8 50. Kxh5 Kf8 51. Kg5 Kg8 52. Kf6 Kh7
53. Ke5 Kh6 54. Kd5 Kh5 55. Kc5 Kxh4 56. Kb5 Kg5 57. Kxa5 Kf6 58. Kb6 Ke6 59.
a5 Kd5 60. Kb7 1-0

[Event "Open Loire 2008-2009"]
[Site "Loire"]
[Date "2008.12.20"]
[Round "4.6"]
[White "Ben Habchi, Nordine"]
[Black "Schlick, Paul"]
[Result "1-0"]
[WhiteElo "1530"]
[BlackElo "1320"]
[PlyCount "41"]
[EventDate "2008.??.??"]

1. e4 e5 2. f4 f6 3. Nf3 Nc6 4. Bc4 Bc5 5. c3 d6 6. b4 Bb6 7. Qb3 Nge7 8. Bf7+
Kf8 9. d3 Bg4 10. Nbd2 Be3 11. Nf1 Bxf4 12. Bxf4 exf4 13. N1d2 Ne5 14. Nxe5
fxe5 15. O-O Be2 16. Rf2 Bxd3 17. Nf3 Bxe4 18. Ng5 Bf5 19. g4 Bxg4 20. Bg6 Nxg6
21. Qf7# 1-0

[Event "Open Loire 2008-2009"]
[Site "Loire"]
[Date "2008.12.20"]
[Round "4.7"]
[White "Perez, Christian"]
[Black "Desassis, Emmeran"]
[Result "1-0"]
[WhiteElo "1500"]
[BlackElo "1070"]
[PlyCount "27"]
[EventDate "2008.??.??"]

1. e4 e6 2. d4 Nf6 3. e5 Nd5 4. Bd2 b6 5. Nc3 Ba6 6. Bxa6 Nxa6 7. Nxd5 exd5 8.
Qe2 Qc8 9. Nf3 f6 10. exf6+ Kd8 11. Bg5 Bb4+ 12. c3 Re8 13. fxg7+ Re7 14. g8=Q#
1-0

[Event "Open Loire 2008-2009"]
[Site "Loire"]
[Date "2008.12.20"]
[Round "4.8"]
[White "Trottet, Francois"]
[Black "Brachet, Gerard"]
[Result "1-0"]
[WhiteElo "1470"]
[BlackElo "1390"]
[PlyCount "77"]
[EventDate "2008.??.??"]

1. e4 e5 2. Nf3 Nc6 3. Bb5 Nd4 4. Nxd4 exd4 5. c3 a6 6. Bd3 Bc5 7. b4 Ba7 8.
Bb2 Qf6 9. Na3 dxc3 10. O-O cxb2 11. Rb1 Ne7 12. Nc4 Bd4 13. Qe2 O-O 14. e5 Qe6
15. Qe4 Bxf2+ 16. Rxf2 Ng6 17. Qd4 b5 18. Nxb2 Nxe5 19. Qe4 Nxd3 20. Qxd3 Qxa2
21. Nd1 Bb7 22. Nc3 Qe6 23. Re2 Qg4 24. h3 Qg5 25. Rbe1 Rae8 26. Ne4 Qg6 27.
Qd4 Qb6 28. Nc5 Rxe2 29. Rxe2 Bc6 30. Qg4 d6 31. d4 dxc5 32. dxc5 Qb8 33. Re5
f6 34. Qe6+ Kh8 35. Rh5 Qb7 36. Qa2 Be8 37. Rh4 Bf7 38. Qc2 Be8 39. Qxh7# 1-0

[Event "Open Loire 2008-2009"]
[Site "Loire"]
[Date "2008.12.20"]
[Round "4.9"]
[White "Buisine, Roman"]
[Black "Paratcha, Yohan"]
[Result "1-0"]
[WhiteElo "1620"]
[BlackElo "1440"]
[PlyCount "117"]
[EventDate "2008.??.??"]

1. e4 c6 2. d4 d5 3. exd5 cxd5 4. c4 Nf6 5. Nc3 Nc6 6. h3 Bf5 7. Nf3 Nb4 8.
Qa4+ Nc6 9. Bg5 e6 10. Be2 Be7 11. O-O O-O 12. Qb3 Rb8 13. Bxf6 Bxf6 14. cxd5
exd5 15. Qxd5 Qxd5 16. Nxd5 Bxd4 17. Nxd4 Nxd4 18. Rfe1 Bg6 19. Ne7+ Kh8 20.
Nxg6+ hxg6 21. Bd3 Rfd8 22. Rad1 Ne6 23. Bc4 Rxd1 24. Rxd1 Ng5 25. Rd7 Kg8 26.
h4 b5 27. Bd5 Ne6 28. Rxa7 b4 29. Ra6 Rd8 30. Bxe6 fxe6 31. Rb6 Rd4 32. g3 Kf7
33. Kg2 Kf6 34. Kf3 Rc4 35. Ke3 Kf5 36. f3 Ke5 37. Rb5+ Kf6 38. Kd3 Rc1 39.
Rxb4 Rg1 40. Rg4 Rg2 41. Kc3 Rf2 42. f4 Rf3+ 43. Kc4 Rf2 44. Kb3 Rf3+ 45. Kc4
Rf2 $11 46. b4 Rxa2 47. Kb5 Rd2 48. Rg5 Rd8 49. Ka6 Rd6+ 50. Kb7 Rd4 51. b5 Rb4
52. b6 Rb3 53. Ra5 Ke7 54. Ka7 Rc3 55. b7 Rc7 56. Ka8 Kd8 57. b8=Q+ Rc8 58.
Qxc8+ Kxc8 59. Rg5 1-0

[Event "Open Loire 2008-2009"]
[Site "Loire"]
[Date "2008.12.20"]
[Round "4.10"]
[White "Boeuf, Jean Julien"]
[Black "Chabas, Jean-Luc"]
[Result "0-1"]
[WhiteElo "1270"]
[BlackElo "1580"]
[PlyCount "55"]
[EventDate "2008.??.??"]

1. e4 c6 2. d4 d5 3. exd5 cxd5 4. Bd3 Nc6 5. c3 Nf6 6. Bf4 Bg4 7. Qb3 Qd7 8.
Nd2 a6 9. Ngf3 e6 10. O-O Be7 11. Rfe1 Bxf3 12. Nxf3 O-O 13. Ne5 Qc8 14. Qc2 h6
15. Qe2 Rd8 16. Ng4 Qd7 17. Nxf6+ Bxf6 18. Qg4 Kf8 19. Re3 Qe7 20. Rae1 Rd6 21.
Rg3 Ke8 22. Bxd6 Qxd6 23. f4 Kd8 24. Rge3 Kc7 25. f5 e5 26. dxe5 Bxe5 27. Rd1
Bxh2+ 28. Kh1 0-1

[Event "Open Loire 2008-2009"]
[Site "Loire"]
[Date "2008.12.20"]
[Round "4.11"]
[White "Massard, Quentin"]
[Black "Desassis, Jean-Francois"]
[Result "0-1"]
[WhiteElo "1190"]
[BlackElo "1570"]
[PlyCount "135"]
[EventDate "2008.??.??"]

1. g3 c5 2. Bg2 d6 3. Nf3 g6 4. O-O Bg7 5. e4 Nc6 6. d3 Qb6 7. c3 Nf6 8. Re1
Ng4 9. h3 Nge5 10. Nbd2 c4 11. Nxc4 Nxc4 12. dxc4 Be6 13. Be3 Qxb2 14. Nd4 Qxc3
15. Nxc6 bxc6 16. e5 Qxc4 17. Rc1 Qxa2 18. Bxc6+ Bd7 19. Bxa8 O-O 20. Bg2 Bxe5
21. Bd5 Qa5 22. Bd4 Qxd5 23. Bxe5 Qxd1 24. Rcxd1 Bxh3 25. Bd4 a5 26. Ra1 Ra8
27. Ra2 Be6 28. Ra3 a4 29. Rea1 Bb3 30. Kf1 Rc8 31. Ke2 Rc2+ 32. Kd3 e5 33. Bc3
Rxf2 34. Rxa4 Bxa4 35. Rxa4 Rf3+ 36. Kc4 Rxg3 37. Ra8+ Kg7 38. Bb4 Rg4+ 39. Kb5
d5 40. Rd8 d4 41. Bc5 Rg2 42. Bf8+ Kf6 43. Rd6+ Kf5 44. Rd5 Ke4 45. Kc5 f6 46.
Kc4 Rc2+ 47. Kb3 Kxd5 48. Kxc2 f5 49. Kd2 e4 50. Bh6 d3 51. Ke3 Kc4 52. Kd2 Kd4
53. Be3+ Ke5 54. Bh6 f4 55. Bg5 Kf5 56. Bh6 g5 57. Bg7 h5 58. Bd4 Kg4 59. Ke1
Kf3 60. Kd1 e3 61. Ke1 d2+ 62. Kd1 h4 63. Bf6 g4 64. Bxh4 g3 65. Bxg3 Kxg3 66.
Ke2 Kg2 67. Kd1 Kf2 68. Kc2 0-1

[Event "Open Loire 2008-2009"]
[Site "Loire"]
[Date "2008.12.20"]
[Round "4.12"]
[White "Joly, Christian"]
[Black "Mougne, William"]
[Result "1-0"]
[WhiteElo "1550"]
[BlackElo "1399"]
[PlyCount "49"]
[EventDate "2008.??.??"]

1. e4 g6 2. d4 Bg7 3. Be3 d6 4. f4 Nf6 5. Nc3 Ng4 6. Bc1 O-O 7. Nf3 e5 8. h3
exd4 9. Nxd4 Nc6 10. Nxc6 bxc6 11. hxg4 Bxc3+ 12. bxc3 Qf6 13. Qf3 d5 14. e5
Qe7 15. Qh3 f5 16. g5 h5 17. gxh6 Kh7 18. c4 Ba6 19. Ba3 c5 20. cxd5 Bxf1 21.
Kxf1 Qd7 22. c4 Qa4 23. Qc3 c6 24. e6 cxd5 25. Qg7# 1-0

[Event "Open Loire 2008-2009"]
[Site "Loire"]
[Date "2008.12.20"]
[Round "4.13"]
[White "Choquelle, Jean"]
[Black "Megnot, Philippe"]
[Result "0-1"]
[WhiteElo "1140"]
[BlackElo "1510"]
[PlyCount "86"]
[EventDate "2008.??.??"]

1. c4 e6 2. Nc3 Nf6 3. g3 c6 4. Bg2 d5 5. b3 Bb4 6. Bb2 O-O 7. e3 e5 8. d3 d4
9. Nge2 dxc3 10. Bxc3 Qa5 11. Qc2 Bg4 12. f3 Bh5 13. O-O Bg6 14. h3 Nbd7 15.
Rfd1 Rfe8 16. e4 Bxc3 17. Nxc3 Qb6+ 18. Kh2 Nc5 19. Rab1 Ne6 20. Ne2 Red8 21.
Qc3 Nd4 22. Qd2 Bh5 23. g4 Bg6 24. Rb2 Qc7 25. Qe3 c5 26. Rbd2 b6 27. Kg1 h5
28. g5 Nd7 29. f4 Nxe2+ 30. Rxe2 exf4 31. Qf3 Nf8 32. h4 Ne6 33. Red2 Nd4 34.
Qf1 Nc6 35. Bf3 Rd4 36. Qe1 Rdd8 37. Qe2 Rd7 38. Qf1 Nd4 39. e5 Qxe5 40. Re1
Nxf3+ 41. Kf2 Nxe1 42. Qxe1 Qxe1+ 43. Kxe1 Rxd3 0-1

[Event "Open Loire 2008-2009"]
[Site "Loire"]
[Date "2008.12.20"]
[Round "4.14"]
[White "Liogier, Pascal"]
[Black "Rogues, Jean-Luc"]
[Result "0-1"]
[WhiteElo "1499"]
[BlackElo "1390"]
[PlyCount "97"]
[EventDate "2008.??.??"]

1. d4 d5 2. c4 c6 3. Nc3 Nf6 4. c5 Bf5 5. Nf3 Nbd7 6. e3 e6 7. Bd3 Ne4 8. Nd2
Nxc3 9. bxc3 Bxd3 10. Nf3 Bc4 11. h3 Qf6 12. Qc2 Ba6 13. Bb2 e5 14. Nd2 e4 15.
c4 Be7 16. O-O O-O 17. Rfe1 Qe6 18. a4 Bxc4 19. Nxc4 dxc4 20. Rec1 Qf5 21. Qxc4
Nf6 22. Qe2 Nd5 23. a5 Nb4 24. Qg4 Qxg4 25. hxg4 Nd3 26. Rc2 f5 27. gxf5 Rxf5
28. Rf1 Raf8 29. g3 Bg5 30. Bc1 Nxc1 31. Rcxc1 R8f7 32. Kg2 Bd8 33. Ra1 Bc7 34.
a6 bxa6 35. Rxa6 Bxg3 36. Kxg3 Rf3+ 37. Kg4 R3f6 38. Kh3 Rg6 39. Raa1 Rf5 40.
Kh4 Rfg5 41. f3 Rg2 42. Kh3 R6g3+ 43. Kh4 exf3 44. Rxa7 h6 45. e4 Rg5 46. Rh1
f2 47. Kh3 Rg1 48. Ra8+ Kh7 49. Kh2 0-1

[Event "Open Loire 2008-2009"]
[Site "Loire"]
[Date "2008.12.20"]
[Round "4.15"]
[White "Laffin, Mickael"]
[Black "Daillere, Roland"]
[Result "0-1"]
[WhiteElo "1199"]
[BlackElo "1320"]
[PlyCount "44"]
[EventDate "2008.??.??"]

1. e4 Nc6 2. Nc3 Nf6 3. d4 d5 4. Nf3 Bg4 5. Be2 Bxf3 6. Bxf3 dxe4 7. Bxe4 Nxe4
8. Nxe4 Qd5 9. Qd3 f5 10. f3 fxe4 11. fxe4 Qxd4 12. Be3 Qxd3 13. cxd3 e5 14.
Rf1 Bb4+ 15. Bd2 Bxd2+ 16. Kxd2 O-O-O 17. Rac1 Rhf8 18. g4 Nd4 19. Ke3 b6 20.
Rfe1 Ne6 21. g5 Nf4 22. Re2 Rxd3+ 0-1

[Event "Open Loire 2008-2009"]
[Site "Loire"]
[Date "2008.12.20"]
[Round "4.16"]
[White "Allabrune, Guillaume"]
[Black "Bader, Gaetan"]
[Result "0-1"]
[WhiteElo "1340"]
[BlackElo "1230"]
[PlyCount "62"]
[EventDate "2008.??.??"]

1. e4 e5 2. Nf3 Nc6 3. Bb5 Nf6 4. Nc3 a6 5. Bxc6 bxc6 6. Nxe5 Bd6 7. Nf3 O-O 8.
O-O Ng4 9. d4 c5 10. Be3 Nxe3 11. fxe3 Be7 12. Na4 d6 13. e5 Bd7 14. c3 Qe8 15.
b3 dxe5 16. Nxe5 Be6 17. Nxc5 Bd5 18. Ncd7 Bd6 19. Nxf8 Bxf8 20. Qh5 Qe7 21. c4
Be6 22. d5 g6 23. Qf3 Bf5 24. e4 Qxe5 25. exf5 g5 26. Rae1 Qd4+ 27. Qe3 Qf6 28.
Qe5 Bc5+ 29. Kh1 Qh6 30. Qxc7 Bd6 31. Qc6 Qxh2# 0-1

[Event "Open Loire 2008-2009"]
[Site "Loire"]
[Date "2008.12.20"]
[Round "4.17"]
[White "Geraci, Georges"]
[Black "Swietlicki, Jordan"]
[Result "1/2-1/2"]
[WhiteElo "1140"]
[BlackElo "1250"]
[PlyCount "126"]
[EventDate "2008.??.??"]

1. d4 d5 2. e3 Nf6 3. c4 e6 4. Nc3 a6 5. Bd2 Nc6 6. Nf3 Be7 7. Be2 O-O 8. h3 h6
9. O-O Bd7 10. Qb3 Na5 11. Qc2 c5 12. a3 cxd4 13. exd4 dxc4 14. Rae1 b5 15. Ne5
Bc6 16. Be3 Nd5 17. Bf3 Nxe3 18. fxe3 Bxf3 19. Rxf3 b4 20. Nb1 f6 21. Ng6 Rf7
22. Ref1 f5 23. Qa4 Rf6 24. Ne5 Bd6 25. Qc2 Bxe5 26. dxe5 b3 27. Qc3 Rf8 28. a4
Qc7 29. Rf4 Rad8 30. Nd2 g5 31. R4f2 Rd5 32. Nf3 Qd7 33. Nd2 Qxa4 34. e4 Rd3
35. Qc1 c3 36. bxc3 Nc4 37. Nxc4 Qxc4 38. Qa3 Rxc3 39. exf5 Qd4 40. fxe6 Rxf2
41. Rxf2 Rc2 42. Qf8+ Kh7 43. Kh2 Qxf2 44. Qxf2 Rxf2 45. e7 b2 46. e8=Q b1=Q
47. Qd7+ Kg6 48. Qe6+ Kh5 49. Qg4+ Kg6 50. e6 Qb8+ 51. Kg1 Qa7 52. Qe4+ Kf6 53.
Kh2 Qe7 54. Qd4+ Kxe6 55. Qe3+ Kd7 56. Qxf2 Qd6+ 57. g3 Ke6 58. Qa2+ Qd5 59.
Qxa6+ Ke7 60. Qxh6 Qd2+ 61. Kg1 Qe3+ 62. Kg2 Qd2+ 63. Kg1 Qc1+ 1/2-1/2

[Event "Open Loire 2008-2009"]
[Site "Loire"]
[Date "2009.01.10"]
[Round "5.1"]
[White "Moleins, Jean-Pierre"]
[Black "Moleins, Adrien"]
[Result "0-1"]
[WhiteElo "1730"]
[BlackElo "1582"]
[PlyCount "48"]
[EventDate "2009.??.??"]

1. g3 f5 2. e3 Nf6 3. c3 e5 4. Nf3 e4 5. Nd4 d5 6. b4 c6 7. d3 Bd6 8. Bh3 g6 9.
dxe4 fxe4 10. Bxc8 Qxc8 11. O-O Qh3 12. f3 Nbd7 13. Qe1 Ne5 14. Nd2 O-O 15. Qe2
exf3 16. N2xf3 Neg4 17. Bd2 Ne4 18. Ng5 Qxh2+ 19. Qxh2 Nxh2 20. Rxf8+ Rxf8 21.
Kxh2 Nxd2 22. Nh3 Ne4 23. Ne2 Rf3 24. Nhf4 Rxe3 0-1

[Event "Open Loire 2008-2009"]
[Site "Loire"]
[Date "2009.01.10"]
[Round "5.2"]
[White "Ben Habchi, Nordine"]
[Black "Jan, Christophe"]
[Result "0-1"]
[WhiteElo "1540"]
[BlackElo "1700"]
[PlyCount "50"]
[EventDate "2009.??.??"]

1. e4 c5 2. c3 e5 3. d3 Nc6 4. f4 d5 5. exd5 Qxd5 6. Qf3 Qe6 7. Be2 Nf6 8. Be3
Bd6 9. Nh3 h6 10. Nd2 O-O 11. O-O exf4 12. Nxf4 Qe7 13. Bf2 Bxf4 14. Qxf4 Qxe2
15. Rfe1 Qxd3 16. Bxc5 Rd8 17. Rad1 Qf5 18. Qa4 Qxc5+ 19. Kh1 Bg4 20. Nb3 Bxd1
21. Qh4 Bxb3 22. axb3 Rd2 23. h3 Rad8 24. b4 Qd6 25. Rf1 Ne5 0-1

[Event "Open Loire 2008-2009"]
[Site "Loire"]
[Date "2009.01.10"]
[Round "5.3"]
[White "Carteron, Olivier"]
[Black "Gregoire, Patrick"]
[Result "1-0"]
[WhiteElo "1660"]
[BlackElo "1560"]
[PlyCount "77"]
[EventDate "2009.??.??"]

1. e4 e6 2. d4 d5 3. e5 c5 4. c3 Ne7 5. Nf3 Nf5 6. dxc5 Bxc5 7. b4 Bb6 8. Bb2
Nc6 9. b5 Nce7 10. c4 a6 11. cxd5 Nxd5 12. bxa6 Ba5+ 13. Nbd2 Nc3 14. Bxc3 Bxc3
15. Rb1 bxa6 16. Qb3 Bxd2+ 17. Nxd2 O-O 18. Nf3 Qa5+ 19. Qb4 Qxa2 20. Bd3 Qd5
21. Be4 a5 22. Bxd5 axb4 23. Bxa8 Ba6 24. Be4 Rb8 25. Bxf5 exf5 26. Kd2 Bc4 27.
Rb2 Bd5 28. Rc1 g6 29. Rcb1 b3 30. Nd4 Rd8 31. Ke3 Re8 32. f4 f6 33. e6 g5 34.
Re1 Bxe6 35. Nxe6 Rxe6+ 36. Kf2 Rxe1 37. Kxe1 g4 38. Rxb3 Kg7 39. Kf2 1-0

[Event "Open Loire 2008-2009"]
[Site "Loire"]
[Date "2009.01.10"]
[Round "5.4"]
[White "Perez, Christian"]
[Black "Desassis, Maxence"]
[Result "1-0"]
[WhiteElo "1480"]
[BlackElo "1570"]
[PlyCount "33"]
[EventDate "2009.??.??"]

1. e4 c5 2. Nf3 d6 3. Nc3 Nc6 4. Bb5 g6 5. O-O Bg7 6. d4 cxd4 7. Nxd4 Qa5 8.
Be3 Bxd4 9. Bxd4 Qc7 10. Bxh8 f6 11. Qf3 a6 12. Bxc6+ Qxc6 13. Qd3 Be6 14. Nd5
O-O-O 15. Bg7 f5 16. f3 Nf6 17. Nxe7+ 1-0

[Event "Open Loire 2008-2009"]
[Site "Loire"]
[Date "2009.01.10"]
[Round "5.5"]
[White "Mazet, Christian"]
[Black "Chambosse, Alexis"]
[Result "1-0"]
[WhiteElo "1570"]
[BlackElo "1540"]
[PlyCount "89"]
[EventDate "2009.??.??"]

1. Nf3 e5 2. Nxe5 Bc5 3. d4 Bb6 4. c4 d6 5. Nf3 Nf6 6. e3 Bf5 7. Bd3 Ba5+ 8.
Nc3 Bxc3+ 9. bxc3 Bxd3 10. Qxd3 Nbd7 11. O-O O-O 12. e4 Re8 13. Bg5 c6 14. Rfe1
Qc7 15. Bf4 c5 16. e5 Nh5 17. Qd2 dxe5 18. Bxe5 Nxe5 19. Rxe5 Rxe5 20. dxe5 Rd8
21. Qg5 Qd7 22. g4 f6 23. Qxh5 fxe5 24. Nxe5 Qe6 25. Qg5 Re8 26. Re1 Qf6 27.
Qxf6 gxf6 28. Nf3 Rxe1+ 29. Nxe1 Kf7 30. f4 Ke6 31. Nd3 b6 32. Kf2 f5 33. g5
Kf7 34. Ne5+ Ke6 35. h4 a6 36. h5 b5 37. cxb5 axb5 38. a3 Ke7 39. Kg3 Ke6 40.
g6 Kf6 41. Kh4 h6 42. Nd7+ Kg7 43. Nxc5 Kf6 44. Nd7+ Kg7 45. Kg3 1-0

[Event "Open Loire 2008-2009"]
[Site "Loire"]
[Date "2009.01.10"]
[Round "5.6"]
[White "Chabas, Jean-Luc"]
[Black "Trottet, Francois"]
[Result "0-1"]
[WhiteElo "1570"]
[BlackElo "1480"]
[PlyCount "58"]
[EventDate "2009.??.??"]

1. e4 c5 2. Nf3 e6 3. d4 cxd4 4. Nxd4 Nc6 5. Nb3 a6 6. Be3 Nf6 7. f3 Be7 8. Nc3
d6 9. Be2 O-O 10. O-O Qc7 11. Qe1 Ne5 12. Nd2 b5 13. a3 Nc4 14. Nxc4 bxc4 15.
Kh1 Rb8 16. Rb1 d5 17. exd5 exd5 18. Qf2 Bd6 19. g3 Bh3 20. Rg1 Rb7 21. Rgd1
Be6 22. Na4 Bf5 23. Bf1 Re8 24. Nc3 Qc6 25. Bg2 Bxc2 26. Qxc2 Rxe3 27. f4 Rbe7
28. Kg1 Bc5 29. Kf1 Rd7 0-1

[Event "Open Loire 2008-2009"]
[Site "Loire"]
[Date "2009.01.10"]
[Round "5.7"]
[White "Brachet, Gerard"]
[Black "Buisine, Roman"]
[Result "1-0"]
[WhiteElo "1400"]
[BlackElo "1590"]
[PlyCount "57"]
[EventDate "2009.??.??"]

1. e4 e5 2. Nf3 Nc6 3. c3 Nf6 4. d3 Bc5 5. b4 Bb6 6. a4 a6 7. Ba3 d6 8. Nbd2
O-O 9. b5 axb5 10. axb5 Ne7 11. d4 exd4 12. Nxd4 Re8 13. Bd3 d5 14. e5 Ng6 15.
O-O Nxe5 16. N2f3 Nxd3 17. Qxd3 Bd7 18. c4 dxc4 19. Qxc4 Re4 20. Ng5 Bxd4 21.
Qxf7+ Kh8 22. Nxe4 Bxa1 23. Rxa1 Nxe4 24. Bb2 Rxa1+ 25. Bxa1 Nf6 26. h3 Bxb5
27. Kh2 Be8 28. Qf8+ Ng8 29. Qxg7# 1-0

[Event "Open Loire 2008-2009"]
[Site "Loire"]
[Date "2009.01.10"]
[Round "5.8"]
[White "Desassis, Jean-Francois"]
[Black "Daillere, Roland"]
[Result "1-0"]
[WhiteElo "1520"]
[BlackElo "1410"]
[PlyCount "89"]
[EventDate "2009.??.??"]

1. d4 Nf6 2. Nc3 d5 3. Bf4 g6 4. Nb5 Na6 5. e3 c6 6. Nc3 Bf5 7. a3 Bg7 8. Nf3
O-O 9. Be2 Nc7 10. O-O Ne6 11. Bg3 c5 12. Nh4 h5 13. Nxf5 gxf5 14. Bd3 cxd4 15.
Ne2 Ng4 16. Rb1 dxe3 17. f3 Ne5 18. Bxf5 Ng6 19. Qd3 Kh7 20. Bf4 Bh6 21. Bxe3
Bxe3+ 22. Qxe3 Qd6 23. Bd3 Kg7 24. f4 d4 25. Qe4 Nc5 26. Qxd4+ Qxd4+ 27. Nxd4
Nxd3 28. cxd3 Rad8 29. Nf5+ Kh7 30. Rf3 e6 31. Ng3 e5 32. f5 Nf4 33. Rd1 Rg8
34. Ne4 Rxg2+ 35. Kh1 Rxb2 36. Rg3 Kh6 37. Ng5 Rc8 38. Nxf7+ Kh7 39. f6 Ng6 40.
Rdg1 Rcc2 41. Ng5+ Kg8 42. Nf3 Kf7 43. Rxg6 e4 44. Ne5+ Ke6 45. f7+ 1-0

[Event "Open Loire 2008-2009"]
[Site "Loire"]
[Date "2009.01.10"]
[Round "5.9"]
[White "Schlick, Paul"]
[Black "Martin, Julien"]
[Result "1-0"]
[WhiteElo "1380"]
[BlackElo "1450"]
[PlyCount "85"]
[EventDate "2009.??.??"]

1. d4 d5 2. c4 Nf6 3. Nf3 dxc4 4. Nc3 e6 5. Bg5 h6 6. Bh4 g5 7. Bg3 g4 8. Nd2
Qxd4 9. Qa4+ c6 10. Nb3 Qb6 11. Qxc4 Nbd7 12. Na4 Qd8 13. Qc2 b5 14. Nac5 Nxc5
15. Nxc5 Qa5+ 16. Kd1 Ba6 17. Nd3 Qb6 18. Rc1 Bb7 19. Be5 Be7 20. e3 Rd8 21.
Qc3 Ne4 22. Qe1 f6 23. Bd4 e5 24. Bxb6 axb6 25. f3 gxf3 26. gxf3 Nc5 27. Kc2
Na6 28. Kb1 Rg8 29. Rd1 c5 30. Nf2 Rc8 31. Bxb5+ Kf8 32. Bxa6 Bxa6 33. Rg1 Rh8
34. Qd2 Bb5 35. Ne4 Bc6 36. Qg2 Kf7 37. Qg6+ Ke6 38. Qg4+ Kf7 39. Nd6+ Bxd6 40.
Rxd6 Rhg8 41. Rd7+ Bxd7 42. Qxd7+ Kf8 43. Rxg8+ 1-0

[Event "Open Loire 2008-2009"]
[Site "Loire"]
[Date "2009.01.10"]
[Round "5.10"]
[White "Megnot, Philippe"]
[Black "Rogues, Jean-Luc"]
[Result "1/2-1/2"]
[WhiteElo "1450"]
[BlackElo "1360"]
[PlyCount "96"]
[EventDate "2009.??.??"]

1. d4 d5 2. Nf3 Nf6 3. c4 Bf5 4. Nc3 c6 5. b3 e6 6. c5 Be7 7. g3 O-O 8. Bg2 Na6
9. a3 Nc7 10. O-O Ne4 11. Nxe4 Bxe4 12. Ne5 Bxg2 13. Kxg2 Bf6 14. f4 Nb5 15.
Bb2 Qe7 16. a4 Nc7 17. Qd2 Bxe5 18. fxe5 f6 19. exf6 Rxf6 20. Rxf6 Qxf6 21. Rf1
Qe7 22. Qe3 Rf8 23. Rxf8+ Qxf8 24. Qe5 Qf7 25. Bc1 Ne8 26. Bf4 a6 27. Qg5 Qf6
28. Qg4 Qf5 29. Qxf5 exf5 30. Kf3 Nf6 31. h4 h5 32. Be5 Ne4 33. b4 g6 34. Bf4
Kf7 35. Bg5 Nc3 36. a5 Nb5 37. Be3 Na3 38. Kf4 Nc2 39. Bd2 Nxd4 40. e3 Nb3 41.
Be1 Nc1 42. Bd2 Nd3+ 43. Kf3 Ke6 44. Bc3 Ne5+ 45. Kf4 Nc4 46. Kg5 Kf7 47. Bd4
Nd2 48. Kf4 Ke6 1/2-1/2

[Event "Open Loire 2008-2009"]
[Site "Loire"]
[Date "2009.01.10"]
[Round "5.11"]
[White "Volay, Pascal"]
[Black "Desassis, Emmeran"]
[Result "1-0"]
[WhiteElo "1450"]
[BlackElo "1140"]
[PlyCount "117"]
[EventDate "2009.??.??"]

1. e4 c5 2. Nf3 Nc6 3. Bb5 d6 4. d3 Bd7 5. Bxc6 bxc6 6. O-O Nf6 7. b3 g6 8. Bb2
Bg7 9. Nbd2 Qb6 10. Rb1 c4 11. Nxc4 Qc5 12. Re1 Ng4 13. Qe2 Bxb2 14. Rxb2 Qh5
15. Ne3 Ne5 16. Nxe5 Qxe2 17. Rxe2 dxe5 18. Nc4 Bg4 19. f3 Bc8 20. Nxe5 O-O 21.
Nxc6 Re8 22. a4 Bd7 23. Ne5 Bc8 24. b4 Rb8 25. b5 a6 26. c4 f6 27. Ng4 h5 28.
Ne3 Rd8 29. Red2 axb5 30. cxb5 Kg7 31. Kf2 g5 32. Ke2 e6 33. Rdc2 f5 34. Rc7+
Kg6 35. exf5+ exf5 36. Rc6+ Kf7 37. g3 Bb7 38. Rc7+ Ke6 39. Rb3 Bd5 40. Nxd5
Rxd5 41. Rc6+ Kd7 42. Rbc3 Re8+ 43. Kd2 Rde5 44. Rc7+ Kd6 45. R7c6+ Kd7 46.
Rc7+ Kd6 47. R3c6+ Kd5 48. Rc5+ Kd4 49. Rxe5 Kxe5 50. a5 Rb8 51. b6 f4 52. b7
fxg3 53. hxg3 Kd6 54. Rh7 Ke6 55. a6 Kf6 56. a7 Rxb7 57. Rxb7 h4 58. gxh4 gxh4
59. a8=Q 1-0

[Event "Open Loire 2008-2009"]
[Site "Loire"]
[Date "2009.01.10"]
[Round "5.12"]
[White "Kotur, Sava"]
[Black "Boeuf, Jean Julien"]
[Result "1-0"]
[WhiteElo "1650"]
[BlackElo "1280"]
[PlyCount "72"]
[EventDate "2009.??.??"]

1. e4 d6 2. d4 Nc6 3. Bb5 Bd7 4. d5 Ne5 5. Bxd7+ Nxd7 6. c4 g6 7. Nf3 Bg7 8.
O-O Ngf6 9. Re1 O-O 10. Qb3 b6 11. Qc2 Rc8 12. Nc3 c6 13. Rb1 cxd5 14. cxd5 Ne8
15. Bf4 e5 16. Be3 f5 17. exf5 Rxf5 18. Qd2 Kh8 19. Ng5 Bh6 20. Ne6 Bxe3 21.
Qxe3 Qe7 22. b4 Nf8 23. Nxf8 Qxf8 24. Rf1 Qf7 25. Ne4 Qxd5 26. Rbc1 Nc7 27.
Rfd1 Qxa2 28. Nxd6 Nd5 29. Rxc8+ Kg7 30. Nxf5+ Kf7 31. Rxd5 Qb1+ 32. Rc1 Qxf5
33. Rxe5 Qf6 34. h3 a5 35. bxa5 bxa5 36. Rxa5 Qf5 1-0

[Event "Open Loire 2008-2009"]
[Site "Loire"]
[Date "2009.01.10"]
[Round "5.13"]
[White "Paratcha, Yohan"]
[Black "Rasle, Jean-Michel"]
[Result "0-1"]
[WhiteElo "1390"]
[BlackElo "1620"]
[PlyCount "120"]
[EventDate "2009.??.??"]

1. e4 e6 2. d4 d5 3. e5 c5 4. Nf3 Qb6 5. Nc3 Nc6 6. Bb5 Nge7 7. b3 Bd7 8. Bxc6
Nxc6 9. Be3 Rc8 10. O-O Be7 11. Na4 Qc7 12. Nxc5 Bxc5 13. dxc5 Nxe5 14. Nxe5
Qxe5 15. Bd4 Qg5 16. Rc1 O-O 17. Re1 Rfe8 18. Be3 Qg6 19. c4 Bc6 20. cxd5 Bxd5
21. g3 Qe4 22. f3 Qxf3 23. Qxf3 Bxf3 24. b4 Bc6 25. Red1 Red8 26. Kf2 Kf8 27.
Ke1 Ke8 28. Rc2 Rxd1+ 29. Kxd1 Ba4 30. a3 Kd7 31. Kd2 Bxc2 32. Kxc2 Kc6 33. Kc3
Rd8 34. Bd4 f6 35. Kc4 a6 36. a4 e5 37. Be3 Rd1 38. b5+ axb5+ 39. axb5+ Kc7 40.
h3 Re1 41. Bf2 Re4+ 42. Kd5 Re2 43. Bg1 Rd2+ 44. Kc4 g6 45. Be3 Rg2 46. h4 Rxg3
47. Bf2 Rg2 48. Be1 e4 49. Kd4 f5 50. Ke3 Rb2 51. b6+ Kc6 52. Kd4 Rb1 53. Bf2
Rd1+ 54. Kc4 f4 55. Bd4 e3 56. Bc3 e2 57. Kb4 Rb1+ 58. Kc4 Rc1 59. Kd3 Rxc3+
60. Kxc3 e1=Q+ 0-1

[Event "Open Loire 2008-2009"]
[Site "Loire"]
[Date "2009.01.10"]
[Round "5.14"]
[White "Liogier, Pascal"]
[Black "Victoria, Philippe"]
[Result "1-0"]
[WhiteElo "1499"]
[BlackElo "1199"]
[PlyCount "69"]
[EventDate "2009.??.??"]

1. d4 f5 2. Nf3 Nf6 3. c4 g6 4. Nc3 Bg7 5. Bf4 Nc6 6. e3 O-O 7. Bd3 e6 8. O-O
Nb4 9. Rc1 d6 10. Bb1 a5 11. a3 Nc6 12. Ng5 h6 13. Nf3 g5 14. d5 gxf4 15. dxc6
fxe3 16. fxe3 e5 17. cxb7 Bxb7 18. Nd5 Nxd5 19. cxd5 e4 20. b3 exf3 21. Rxf3
Ba6 22. Qc2 Rc8 23. Re1 Be5 24. Rh3 Bb7 25. Qd3 c6 26. e4 cxd5 27. exf5 Qb6+
28. Kh1 Qf2 29. Rf1 Qb2 30. Rxh6 d4 31. Rg6+ Kf7 32. Qb5 Rfd8 33. Qxb7+ Kf8 34.
f6 Qc1 35. Qe7# 1-0

[Event "Open Loire 2008-2009"]
[Site "Loire"]
[Date "2009.01.10"]
[Round "5.15"]
[White "Coulomb, Marc"]
[Black "Rasle, Corentin"]
[Result "0-1"]
[WhiteElo "1009"]
[BlackElo "1420"]
[PlyCount "67"]
[EventDate "2009.??.??"]

1. e4 e6 2. Nc3 d5 3. e5 Nc6 4. Bb5 Bd7 5. Nf3 Nge7 6. O-O a6 7. Ba4 Ng6 8. Qe2
Bb4 9. a3 Ba5 10. d4 Na7 11. Bg5 Qc8 12. Bxd7+ Qxd7 13. b4 Bb6 14. a4 Nc6 15.
a5 Bxd4 16. Nxd4 Nxd4 17. Qd2 Nc6 18. Ne2 Ngxe5 19. Nf4 Ng6 20. Nh5 f6 21. Bxf6
Rg8 22. Bxg7 Rxg7 23. Nf6+ Ke7 24. Nxd7 Kxd7 25. Qh6 Rf7 26. Qg5 Nxb4 27. Qd2
Nc6 28. Rac1 Raf8 29. f4 Nxf4 30. Rxf4 Rxf4 31. g3 R4f6 32. Qe2 Nxa5 33. h4 Nc6
34. g4 0-1